| 000 | 00643nam a2200121Ia 4500 | ||
|---|---|---|---|
| 008 | 171212s9999 xx 000 0 und d | ||
| 020 | _a9780874217247 | ||
| 245 |
_ceditor Mao, LuMing;Young, Morris _aRepresentations _bDoing Asian American Rhetoric |
||
| 260 |
_bUniversity Press of Colorado _c2008 |
||
| 650 | _aEnglish language -- Rhetoric -- Study and teaching -- Foreign speakers; Asian Americans -- Education -- Language arts; Asian Americans -- Cultural assimilation; Asian Americans -- Intellectual life; Intercultural communication -- United States | ||
| 650 | _aLanguage & Literature | ||
| 856 | _uwww.jstor.org/stable/10.2307/j.ctt4cgqmc | ||
| 999 |
_c353164 _d353164 |
||